Can You Name Every Asian Capital on the Map? - Statistics

General Stats
  • This quiz has been taken 16 times
  • The average score is 15 of 47
Answers on the Map
Answers color-coded by a green-red scale on the quiz's map according to % correct below.
 
Answer Stats
Answer % Correct
Riyadh
78%
Ankara
67%
Baku
67%
Muscat
67%
New Delhi
67%
Amman
56%
Baghdad
56%
Doha
56%
Kathmandu
56%
Kuwait
56%
Nicosia
56%
Sana’a
56%
Astana
44%
Damascus
44%
Jerusalem
44%
Tehran
44%
Beirut
33%
Islamabad
33%
Kabul
33%
Manama
33%
Tblisi
33%
Thimphu
33%
Yerevan
33%
Bandar Seri Bagawan
22%
Bangkok
22%
Beijing
22%
Dhaka
22%
Hanoi
22%
Jakarta
22%
Kuala Lumpur
22%
Male
22%
Manila
22%
Seoul
22%
Singapore
22%
Taipei
22%
Tokyo
22%
Ulaanbataar
22%
Vientiane
22%
Bishkek
11%
Dili
11%
Dushanbe
11%
Phnom Penh
11%
Pyongyang
11%
Ashgabat
0%
Colombo
0%
Naypyidaw
0%
Tashkent
0%
No matching quizzes found
Score Distribution
Percent of People with Each Score
Percentile by Number Answered
Your Score History
You have not taken this quiz